Les littoraux : Impact des aménagements sur leur évolution (notice n° 2017551)
[ vue normale ]
| 000 -LEADER | |
|---|---|
| fixed length control field | 01401cam a2200133 4500500 |
| 005 - DATE AND TIME OF LATEST TRANSACTION | |
| control field | 20260329064833.0 |
| 041 ## - LANGUAGE CODE | |
| Language code of text/sound track or separate title | fre |
| 042 ## - AUTHENTICATION CODE | |
| Authentication code | dc |
| 100 10 - MAIN ENTRY--PERSONAL NAME | |
| Personal name | Paskoff, Roland |
| Relator term | author |
| 245 00 - TITLE STATEMENT | |
| Title | Les littoraux : Impact des aménagements sur leur évolution |
| 260 ## - PUBLICATION, DISTRIBUTION, ETC. | |
| Name of publisher, distributor, etc. | Armand Colin,<br/> |
| Date of publication, distribution, etc. | 2010.<br/> |
| 520 ## - SUMMARY, ETC. | |
| Summary, etc. | Dix des plus grandes villes du monde sont au bord de la mer. La moitié de la population des pays industrialisés vit à moins d’un kilomètre du rivage : si longtemps territoires du vide, les littoraux attirent chaque jour davantage. Plages de sable ou de galets, vagues ou courants littoraux, marais maritimes, dépôt des vases et des alluvions au gré des marées, falaises, récifs coralliens, milieux d’embouchure, etc. : l’auteur offre un panorama complet des littoraux, sans oublier les variations du niveau de la mer et les forces en action sur les côtes, ou les perturbations des systèmes côtiers induites par les activités humaines. Ouvrage de référence, largement illustré de photos, de cartes et de schémas, enrichi d’un index et d’une importante bibliographie, ce manuel présente les différents types de côtes, explique leur formation, montre leur évolution et propose les principes d’une gestion plus respectueuse de l’environnement littoral. |
| 856 41 - ELECTRONIC LOCATION AND ACCESS | |
| Uniform Resource Identifier | <a href="https://shs.cairn.info/les-littoraux--9782200249267?lang=fr&redirect-ssocas=7080">https://shs.cairn.info/les-littoraux--9782200249267?lang=fr&redirect-ssocas=7080</a> |
Pas d'exemplaire disponible.




Réseaux sociaux